[Event "Arco op 37th"]
[Site "Arco"]
[Date "2015.10.10"]
[Round "1"]
[White "Giuriato, Sergio"]
[Black "Kasparov, Sergey"]
[Result "0-1"]
[WhiteElo "1910"]
[BlackElo "2482"]
[PlyCount "130"]
[EventDate "2015.10.10"]
[EventType "swiss"]
[EventRounds "9"]
[EventCountry "ITA"]
[SourceTitle "CBM 168 Extra"]
[Source "ChessBase"]
[SourceDate "2015.10.29"]
[SourceVersion "1"]
[SourceVersionDate "2015.10.29"]
[SourceQuality "1"]

1. d4 Nf6 2. Nf3 c5 3. d5 g6 4. g3 d6 5. Bg2 b5 6. 0-0 Bg7 7. Re1 Nbd7 8. e4 Ng4 9. a4 bxa4 10. Rxa4 0-0 11. b3 Nb6 12. Ra2 a5 13. h3 Nf6 14. Bd2 a4 15. b4 Nfd7 16. bxc5 Nxc5 17. Bc3 e5 18. Na3 f5 19. Nd2 Bh6 20. f3 Ba6 21. Nf1 Nbd7 22. Bd2 Bxd2 23. Qxd2 f4 24. g4 Rb8 25. Qf2 Qa5 26. Nd2 Rb4 27. Bf1 Rfb8 28. Bxa6 Qxa6 29. Qf1 Qa7 30. Qf2 Qc7 31. Rb1 Na6 32. Kg2 Nac5 33. Qe2 Rxb1 34. Ndxb1 h5 35. Qe1 hxg4 36. hxg4 Kg7 37. Nd2 Nf6 38. Nac4 Qd7 39. Qh4 Rh8 40. Qg5 Nh7 41. Nxe5 Nxg5 42. Nxd7 Nxd7 43. Rxa4 Nf7 44. Ra7 Rc8 45. c4 Nde5 46. Ra4 Kf6 47. Kf1 Kg5 48. Ra7 Kf6 49. Ra4 Nd3 50. Ra6 Nc5 51. Ra7 Ne5 52. Ra2 g5 53. Ra7 Rh8 54. Kg2 Rb8 55. Ra2 Rb4 56. Rc2 Ncd3 57. Kf1 Rb2 58. Rxb2 Nxb2 59. Ke2 Nbxc4 60. Nb3 Ng6 61. Nd4 Nh4 62. Ne6 Ne5 63. Nd4 Nexf3 64. Nxf3 Nxf3 65. Kxf3 Ke5 0-1

[Event "Verona Province-ch"]
[Site "Zevio Verona"]
[Date "2014.01.19"]
[Round "2"]
[White "Giuriato, Sergio"]
[Black "Gallo, Pietro"]
[Result "1-0"]
[WhiteElo "1936"]
[BlackElo "1550"]
[PlyCount "95"]
[EventDate "2014.01.18"]
[EventType "swiss"]
[EventRounds "6"]
[EventCountry "ITA"]
[SourceTitle "EXT 2015"]
[Source "ChessBase"]
[SourceDate "2014.11.20"]
[SourceVersion "1"]
[SourceVersionDate "2014.11.20"]
[SourceQuality "1"]

1. d4 Nf6 2. c4 e6 3. g3 d5 4. Nf3 c5 5. cxd5 Nxd5 6. Bg2 Nc6 7. 0-0 Be7 8. Nc3 Nxc3 9. bxc3 0-0 10. e4 Bf6 11. Be3 Qa5 12. Qb3 cxd4 13. cxd4 Qb4 14. Rab1 Qxb3 15. Rxb3 Rd8 16. Rd1 b6 17. e5 Be7 18. Nd2 Bb7 19. f4 Rab8 20. Ne4 f5 21. Ng5 Bxg5 22. fxg5 Na5 23. Rc3 Bxg2 24. Kxg2 Rbc8 25. Rdc1 Rxc3 26. Rxc3 Rd7 27. Kf3 Kf7 28. g4 g6 29. h4 fxg4+ 30. Kxg4 Kg7 31. Kf3 Kf7 32. Kg4 Kg7 33. h5 Kf7 34. Rc8 gxh5+ 35. Kxh5 Kg7 36. Rc2 Rf7 37. Kg4 Rd7 38. Kf3 Kg6 39. Rh2 Kg7 40. Rc2 Kg6 41. Ke4 Kg7 42. Rh2 Nc6 43. Rh6 Re7 44. Bc1 Nd8 45. Ba3 Re8 46. Rf6 Nf7 47. Bc1 Kg8 48. Bf4 1-0

[Event "Arco op 35th"]
[Site "Arco"]
[Date "2013.10.15"]
[Round "4"]
[White "Zucchelli, Massimo"]
[Black "Giuriato, Sergio"]
[Result "1/2-1/2"]
[WhiteElo "2199"]
[BlackElo "1973"]
[PlyCount "48"]
[EventDate "2013.10.12"]
[EventType "swiss"]
[EventRounds "9"]
[EventCountry "ITA"]
[SourceTitle "EXT 2014"]
[Source "ChessBase"]
[SourceDate "2013.11.20"]
[SourceVersion "1"]
[SourceVersionDate "2013.11.20"]
[SourceQuality "1"]

1. d4 Nf6 2. c4 e6 3. Nc3 d5 4. cxd5 exd5 5. Bg5 c6 6. e3 Be7 7. Qc2 0-0 8. Bd3 Nbd7 9. Nge2 Re8 10. 0-0 Nf8 11. f3 Ng6 12. Rad1 Be6 13. e4 dxe4 14. fxe4 Ng4 15. Bxe7 Qxe7 16. Qd2 Rad8 17. h3 Nh6 18. a3 c5 19. d5 Bd7 20. Nf4 Nxf4 21. Qxf4 Qe5 22. Qxe5 Rxe5 23. Rfe1 f6 24. Bb5 Nf7 1/2-1/2

[Event "Padova op-A 15th"]
[Site "Padova"]
[Date "2012.12.16"]
[Round "1"]
[White "Laketic, Gojko"]
[Black "Giuriato, Sergio"]
[Result "1-0"]
[WhiteElo "2425"]
[BlackElo "1959"]
[PlyCount "87"]
[EventDate "2012.12.16"]
[EventType "swiss"]
[EventRounds "9"]
[EventCountry "ITA"]
[SourceTitle "EXT 2024"]
[Source "ChessBase"]
[SourceDate "2023.10.10"]
[SourceVersion "1"]
[SourceVersionDate "2023.10.10"]
[SourceQuality "1"]

1. d4 Nf6 2. c4 e6 3. Nf3 d5 4. Nc3 Be7 5. Bg5 0-0 6. e3 Nbd7 7. Qc2 c5 8. cxd5 exd5 9. dxc5 Nxc5 10. Rd1 Qa5 11. Qd2 Be6 12. Bxf6 Bxf6 13. Nxd5 Qxd2+ 14. Rxd2 Bxd5 15. Rxd5 Rac8 16. b3 Bc3+ 17. Ke2 Rfd8 18. Rxd8+ Rxd8 19. g3 Nd3 20. Bg2 Bb2 21. Nd4 Nc1+ 22. Kd2 Nxa2 23. Bxb7 a5 24. Kc2 Bc3 25. Rd1 Bb4 26. Kb2 Nc3 27. Rc1 Rb8 28. Bc6 a4 29. bxa4 Ba5+ 30. Kc2 Na2 31. Ra1 Nb4+ 32. Kd1 Rd8 33. Bb5 g6 34. Ke2 Rc8 35. Rd1 Kg7 36. Nb3 Rc2+ 37. Rd2 Bb6 38. a5 Ba7 39. Rxc2 Nxc2 40. Kd3 Nb4+ 41. Kc3 Nd5+ 42. Kc4 Nc7 43. Nd4 Bxd4 44. exd4 1-0

[Event "Cavarzere op 15th"]
[Site "Cavarzere"]
[Date "2012.10.28"]
[Round "5"]
[White "Giuriato, Sergio"]
[Black "Belloni, Umberto"]
[Result "1-0"]
[WhiteElo "1981"]
[BlackElo "1802"]
[PlyCount "101"]
[EventDate "2012.10.20"]
[EventType "swiss"]
[EventRounds "6"]
[EventCountry "ITA"]
[SourceTitle "EXT 2015"]
[Source "ChessBase"]
[SourceDate "2014.11.20"]
[SourceVersion "1"]
[SourceVersionDate "2014.11.20"]
[SourceQuality "1"]

1. d4 d5 2. c4 c6 3. Nf3 e6 4. e3 Nd7 5. b3 Bd6 6. Bb2 f5 7. Nbd2 Qe7 8. Be2 Nh6 9. Ne5 Nxe5 10. dxe5 Ba3 11. Bc3 0-0 12. 0-0 g5 13. h3 Rf7 14. f4 Rg7 15. Nf3 g4 16. Ng5 Rxg5 17. fxg5 Qxg5 18. Rf4 Bc5 19. Bd4 Bxd4 20. Qxd4 gxh3 21. Rf2 Kh8 22. Qf4 Qg7 23. Kh2 Bd7 24. gxh3 Rg8 25. Bf3 Nf7 26. Rg2 Qxe5 27. Rag1 Rxg2+ 28. Rxg2 Qd6 29. Bh5 Qxf4+ 30. exf4 Nd6 31. Kg1 Be8 32. Bxe8 Nxe8 33. cxd5 cxd5 34. Kf2 Ng7 35. Ke3 Kg8 36. Rc2 Ne8 37. Kd4 Kf7 38. Ke5 Ke7 39. Rc8 Kd7 40. Rb8 a6 41. Rxb7+ Nc7 42. Rb8 Kc6 43. Kd4 Nb5+ 44. Kd3 h5 45. Rh8 h4 46. Rxh4 Kc5 47. Rh6 Nc7 48. Rh7 Kd6 49. h4 Ne8 50. Ra7 Nf6 51. Rxa6+ 1-0

[Event "Ortisei Server24 op 1st"]
[Site "Ortisei"]
[Date "2012.06.09"]
[Round "8"]
[White "Giuriato, Sergio"]
[Black "Rubini, Alessandro"]
[Result "1-0"]
[WhiteElo "1994"]
[BlackElo "1926"]
[PlyCount "59"]
[EventDate "2012.06.02"]
[EventType "swiss"]
[EventRounds "9"]
[EventCountry "ITA"]
[SourceTitle "EXT 2014"]
[Source "ChessBase"]
[SourceDate "2013.11.20"]
[SourceVersion "1"]
[SourceVersionDate "2013.11.20"]
[SourceQuality "1"]

1. d4 Nf6 2. c4 c5 3. d5 e6 4. Nc3 exd5 5. cxd5 d6 6. Nf3 g6 7. g3 Bg7 8. Bg2 0-0 9. 0-0 Bg4 10. Nd2 a6 11. a4 Re8 12. f3 Bc8 13. Nc4 Nh5 14. g4 Nf6 15. Bf4 Bf8 16. e4 h6 17. Qd2 h5 18. h3 b6 19. Qf2 Ra7 20. Qg3 Rd7 21. g5 Nh7 22. h4 Bb7 23. Bh3 a5 24. Bxd7 Nxd7 25. Nxd6 Bxd6 26. Bxd6 Nhf8 27. Rfe1 Qa8 28. Rad1 Ba6 29. Qf4 Qb7 30. e5 1-0

[Event "Noale Szabados Memorial-A 5th"]
[Site "Noale"]
[Date "2012.02.03"]
[Round "1"]
[White "Giuriato, Sergio"]
[Black "Pastres, Roberto"]
[Result "1/2-1/2"]
[WhiteElo "1972"]
[BlackElo "2153"]
[PlyCount "75"]
[EventDate "2012.02.03"]
[EventType "swiss"]
[EventRounds "5"]
[EventCountry "ITA"]
[SourceTitle "EXT 2022"]
[Source "ChessBase"]
[SourceDate "2021.10.06"]
[SourceVersion "1"]
[SourceVersionDate "2021.10.06"]
[SourceQuality "1"]

1. d4 Nf6 2. c4 c5 3. d5 e6 4. Nc3 exd5 5. cxd5 d6 6. Nf3 g6 7. g3 Bg7 8. Bg2 0-0 9. 0-0 a6 10. a4 Re8 11. Nd2 Nbd7 12. Nc4 Ne5 13. Na3 Nh5 14. h3 f5 15. e4 Nf6 16. f4 Nf7 17. exf5 Bxf5 18. Nc4 Ne4 19. Nxe4 Bxe4 20. a5 Bd4+ 21. Kh2 Bxg2 22. Kxg2 Qe7 23. Bd2 Qf6 24. Qf3 Re7 25. Rae1 Rae8 26. b4 Qf5 27. Rxe7 Rxe7 28. Rc1 Qd7 29. bxc5 Bxc5 30. Re1 Rxe1 31. Bxe1 Qf5 32. Nd2 Bb4 33. Qb3 Bxa5 34. Qxb7 Qc2 35. Qxa6 Qd1 36. Qxa5 Qxe1 37. Qc3 Qe2+ 38. Kg1 1/2-1/2